000 00447 a2200169 4500
003 Nust
005 20251015124657.0
040 _cNust
082 _a621.382
100 _aParvez, Capt Muhammad
_9131148
245 _aECCM techniques /
_cCapt Muhammad Parvez, Capt Salamat Khan and Capt Abid Hussain Bhatti
260 _aUET, Lahore
_bMCS
_c1987
300 _a40p.
650 _aUG Projects
_998716
651 _aTE-19
_9131143
942 _2ddc
_cPR
999 _c181972
_d181972